00736cam a2200229 a 4500001000800000005001700008008004100025020001500066020002200081040001800103082002000121100001900141245010500160250000900265260006100274300001900335650002200354650001900376942000600395952009200401999001300493254408620240221034416.0941227s1995 enk b 001 0 eng  a0631191585 a0631191593 (pbk.) aDLCcDLCdDLC00a320.5220bPOL.1 aRengger, N. J.10aPolitical theory, modernity, and postmodernity :bbeyond enlightenment and critique /cN.J. Rengger. a1st. aOxford, UK ;aCambridge, Mass., USA :bBlackwell,c1995. axvii, 253 p. ; 0aPolitical science 0aPostmodernism. cL 001040708LaWERCLbWERCLd2024-02-21l0o320.5 POL.p5411r2024-02-21w2024-02-21yL c447d447